[Event "Marburger Schachtage"]
[Site "Marburg GER"]
[Date "2025.10.19"]
[Round "7.3"]
[White "Fruth, David"]
[Black "Golubka, Petro"]
[Result "0-1"]
[WhiteElo "2098"]
[BlackElo "2385"]
[WhiteFideId "-1"]
[BlackFideId "-1"]
[PlyCount "64"]
[GameId "2263117232996860"]
[EventDate "2025.10.16"]
[EventType "swiss"]
[EventRounds "7"]
[EventCountry "GER"]
[SourceTitle "The Week in Chess 1626"]
[Source "Mark Crowther"]
[SourceDate "2026.01.05"]
[SourceVersion "1"]
[SourceVersionDate "2026.01.05"]
[SourceQuality "2"]

1. e4 e6 2. d4 d5 3. Nc3 Bb4 4. e5 b6 5. h4 h5 6. a3 Bf8 7. Bg5 Be7 8. Be2 Bxg5 9. hxg5 Qxg5 10. Nh3 Qe7 11. Bxh5 Ba6 12. Nf4 Rh6 13. g3 Nc6 14. Na2 Na5 15. Qd2 O-O-O 16. O-O-O c5 17. dxc5 Qxc5 18. Qc3 g6 19. Be2 Bxe2 20. Nxe2 Nc4 21. f4 d4 22. Qb4 Ne3 23. Qxc5+ bxc5 24. Rxh6 Nxh6 25. Rh1 Nhg4 26. b3 a5 27. Kd2 a4 28. Nac1 c4 29. Rh7 axb3 30. cxb3 d3 31. bxc4 Nf1+ 32. Kd1 Nge3+ 0-1

[Event "Bratislava exe op"]
[Site "Bratislava SVK"]
[Date "2025.09.13"]
[Round "1"]
[White "Golubka, Petro"]
[Black "Sipka, Mladen"]
[Result "1-0"]
[WhiteElo "2329"]
[BlackElo "1954"]
[WhiteFideId "-1"]
[BlackFideId "-1"]
[PlyCount "29"]
[GameId "2222458532376586"]
[EventDate "2025.09.13"]
[EventType "swiss"]
[EventRounds "9"]
[EventCountry "SVK"]
[SourceTitle "Mega2025 Update 47"]
[Source "Chessbase"]
[SourceDate "2025.09.26"]
[SourceVersion "1"]
[SourceVersionDate "2025.09.26"]
[SourceQuality "1"]

1. d4 Nf6 2. c4 g6 3. Nc3 d5 4. Bf4 c6 5. e3 Bg7 6. h4 h5 7. Nf3 Bg4 8. Qb3 O-O 9. Qxb7 Qb6 10. Qxb6 axb6 11. cxd5 Nxd5 12. Nxd5 cxd5 13. Bb5 Rc8 14. Kd2 g5 15. hxg5 1-0

[Event "Bratislava exe op"]
[Site "Bratislava SVK"]
[Date "2025.09.14"]
[Round "2"]
[White "Babula, Matej"]
[Black "Golubka, Petro"]
[Result "1/2-1/2"]
[WhiteElo "2089"]
[BlackElo "2329"]
[WhiteFideId "-1"]
[BlackFideId "-1"]
[PlyCount "76"]
[GameId "2222458532401230"]
[EventDate "2025.09.13"]
[EventType "swiss"]
[EventRounds "9"]
[EventCountry "SVK"]
[SourceTitle "Mega2025 Update 47"]
[Source "Chessbase"]
[SourceDate "2025.09.26"]
[SourceVersion "1"]
[SourceVersionDate "2025.09.26"]
[SourceQuality "1"]

1. e4 c5 2. c3 e6 3. d4 d5 4. exd5 exd5 5. Nf3 Nc6 6. Bd3 c4 7. Bc2 Bd6 8. O-O Nge7 9. b3 cxb3 10. axb3 O-O 11. Ba3 Bf5 12. Bxd6 Qxd6 13. Bxf5 Nxf5 14. Qd3 g6 15. Nbd2 a5 16. Rfe1 Qc7 17. Nf1 Qb6 18. g3 Qa6 19. Qxa6 Rxa6 20. Ne3 Nxe3 21. Rxe3 b5 22. Ne5 Rfa8 23. Ra3 Kg7 24. Nxc6 Rxc6 25. Re5 Rxc3 26. Rxd5 b4 27. Raxa5 Rxa5 28. Rxa5 Rxb3 29. Rb5 Rb1+ 30. Kg2 b3 31. Rb6 h5 32. h4 Kf8 33. Rb7 Ke8 34. d5 b2 35. d6 Rd1 36. d7+ Ke7 37. Kh2 Rb1 38. Kg2 f6 1/2-1/2

[Event "Bratislava exe op"]
[Site "Bratislava SVK"]
[Date "2025.09.15"]
[Round "3"]
[White "Golubka, Petro"]
[Black "Andre, Tomas"]
[Result "1-0"]
[WhiteElo "2329"]
[BlackElo "2111"]
[WhiteFideId "-1"]
[BlackFideId "-1"]
[PlyCount "105"]
[GameId "2222458532425882"]
[EventDate "2025.09.13"]
[EventType "swiss"]
[EventRounds "9"]
[EventCountry "SVK"]
[SourceTitle "Mega2025 Update 47"]
[Source "Chessbase"]
[SourceDate "2025.09.26"]
[SourceVersion "1"]
[SourceVersionDate "2025.09.26"]
[SourceQuality "1"]

1. d4 Nf6 2. c4 e6 3. g3 Bb4+ 4. Nc3 O-O 5. Bg2 d5 6. Nf3 b6 7. O-O Bb7 8. cxd5 exd5 9. Qb3 Bxc3 10. bxc3 Re8 11. Re1 Nc6 12. Bg5 Na5 13. Qc2 Nc4 14. Nd2 Nxd2 15. Bxd2 Ne4 16. Bf4 g5 17. Bxe4 dxe4 18. Be3 Re6 19. c4 f5 20. d5 Rg6 21. Rad1 Qf8 22. f4 g4 23. c5 h5 24. c6 Bc8 25. Bd4 h4 26. Kf2 Rh6 27. Rg1 a5 28. h3 Ba6 29. gxh4 Qe7 30. hxg4 e3+ 31. Kf3 Rxh4 32. Qxf5 Rh2 33. Rde1 Bc4 34. Qe6+ Qxe6 35. dxe6 Bxe6 36. Kg3 Rh7 37. Rh1 Bd5 38. Rxh7 Kxh7 39. Rc1 a4 40. a3 Ra5 41. f5 Rb5 42. Kf4 Rb3 43. Ke5 Rb5 44. Kf6 Kg8 45. Be5 Rc5 46. Rd1 Rxc6+ 47. Ke7 Rc5 48. g5 c6 49. g6 Ra5 50. Rd4 Ra7+ 51. Kd6 Kf8 52. Rh4 Ra5 53. g7+ 1-0

[Event "Bratislava exe op"]
[Site "Bratislava SVK"]
[Date "2025.09.16"]
[Round "4"]
[White "Jendrowiak, Maciej"]
[Black "Golubka, Petro"]
[Result "0-1"]
[WhiteElo "2172"]
[BlackElo "2329"]
[WhiteFideId "-1"]
[BlackFideId "-1"]
[PlyCount "60"]
[GameId "542657765435"]
[EventDate "2025.09.13"]
[EventType "swiss"]
[EventRounds "9"]
[EventCountry "SVK"]
[SourceTitle "Mega2025 Update 47"]
[Source "Chessbase"]
[SourceDate "2025.09.26"]
[SourceVersion "1"]
[SourceVersionDate "2025.09.26"]
[SourceQuality "1"]

1. e4 c5 2. c3 Qa5 3. g3 g6 4. Bg2 Bg7 5. Ne2 Nc6 6. O-O e5 7. d3 d6 8. Be3 Nge7 9. Na3 O-O 10. f4 Be6 11. d4 exd4 12. cxd4 Bg4 13. Bf3 Bh3 14. Bg2 Bxg2 15. Kxg2 b5 16. Nc2 b4 17. a3 b3 18. Ne1 cxd4 19. Nxd4 Bxd4 20. Bxd4 Nxd4 21. Qxd4 d5 22. Nf3 dxe4 23. Qxe4 Nf5 24. Rfe1 Rac8 25. Rac1 Rc2+ 26. Rxc2 bxc2 27. Rc1 Qb6 28. b4 Ne3+ 29. Kh3 Rd8 30. Re1 Qe6+ 0-1

[Event "Bratislava exe op"]
[Site "Bratislava SVK"]
[Date "2025.09.18"]
[Round "6"]
[White "Pechac, Jergus"]
[Black "Golubka, Petro"]
[Result "0-1"]
[WhiteElo "2537"]
[BlackElo "2329"]
[WhiteFideId "-1"]
[BlackFideId "-1"]
[PlyCount "84"]
[GameId "542834279529"]
[EventDate "2025.09.13"]
[EventType "swiss"]
[EventRounds "9"]
[EventCountry "SVK"]
[SourceTitle "Mega2025 Update 47"]
[Source "Chessbase"]
[SourceDate "2025.09.26"]
[SourceVersion "1"]
[SourceVersionDate "2025.09.26"]
[SourceQuality "1"]

1. d4 d5 2. c4 e6 3. Nc3 Nf6 4. Nf3 a6 5. cxd5 exd5 6. Bg5 Be6 7. e3 Nbd7 8. Bd3 Bd6 9. Rc1 c6 10. Bf4 Qb8 11. g3 Bg4 12. h3 Bxf3 13. Qxf3 Bxf4 14. gxf4 Qd6 15. a3 O-O 16. Ne2 c5 17. Rg1 Kh8 18. Bf5 cxd4 19. Nxd4 Rac8 20. Rd1 g6 21. Bxd7 Qxd7 22. f5 Qe7 23. Qf4 Rg8 24. fxg6 fxg6 25. Rg5 Rge8 26. Nf3 Rf8 27. Re5 Qg7 28. Qh4 Rc4 29. Nd4 Qc7 30. f4 Rc1 31. Re6 Qa5+ 32. b4 Qxa3 33. Rxf6 Qxe3+ 34. Ne2 Re8 35. Rf8+ Rxf8 36. Rxc1 Re8 37. Rc2 d4 38. Qf2 Qxf2+ 39. Kxf2 d3 40. Rc7 Rxe2+ 41. Kf3 Re1 42. Rd7 Rb1 0-1

[Event "Bratislava exe op"]
[Site "Bratislava SVK"]
[Date "2025.09.19"]
[Round "7"]
[White "Shohat, Yotam"]
[Black "Golubka, Petro"]
[Result "1/2-1/2"]
[WhiteElo "2382"]
[BlackElo "2329"]
[WhiteFideId "-1"]
[BlackFideId "-1"]
[PlyCount "60"]
[GameId "542922724477"]
[EventDate "2025.09.13"]
[EventType "swiss"]
[EventRounds "9"]
[EventCountry "SVK"]
[SourceTitle "Mega2025 Update 47"]
[Source "Chessbase"]
[SourceDate "2025.09.26"]
[SourceVersion "1"]
[SourceVersionDate "2025.09.26"]
[SourceQuality "1"]

1. e4 e5 2. Nf3 Nf6 3. Nxe5 d6 4. Nf3 Nxe4 5. d4 d5 6. Bd3 Bd6 7. O-O O-O 8. c4 c6 9. Qc2 Bf5 {9...h6 gains popularity. 9...h6 wird beliebter.} 10. Nc3 Re8 11. Re1 Na6 12. a3 Bb4 $146 (12... Bg4 13. Ne5 Bxe5 14. dxe5 Nac5 15. f3 Nxd3 16. Qxd3 Nxc3 17. bxc3 Be6 18. cxd5 Qxd5 19. Qxd5 Bxd5 {1-0 Paravyan,D (2612)-Corrales Jimenez,F (2531) Titled Tuesday intern op 06th Feb Early Chess.com INT blitz 2024 (5)}) 13. Bg5 f6 14. Bf4 Bxc3 15. bxc3 g5 16. Bg3 Qd7 17. h4 Nxg3 18. fxg3 Bxd3 19. Qxd3 gxh4 20. Nxh4 Nc7 21. cxd5 Nxd5 22. c4 Ne7 23. Rf1 Rf8 24. Rf4 Rf7 25. Raf1 Raf8 26. g4 Rg7 27. Qe4 Ng6 28. Nxg6 Rxg6 29. Re1 Qd6 30. Qe3 Qd7 1/2-1/2

[Event "Bratislava exe op"]
[Site "Bratislava SVK"]
[Date "2025.09.20"]
[Round "8"]
[White "Golubka, Petro"]
[Black "Heberla, Bartlomiej"]
[Result "1/2-1/2"]
[WhiteElo "2329"]
[BlackElo "2509"]
[WhiteFideId "-1"]
[BlackFideId "-1"]
[PlyCount "23"]
[GameId "543016012943"]
[EventDate "2025.09.13"]
[EventType "swiss"]
[EventRounds "9"]
[EventCountry "SVK"]
[SourceTitle "Mega2025 Update 47"]
[Source "Chessbase"]
[SourceDate "2025.09.26"]
[SourceVersion "1"]
[SourceVersionDate "2025.09.26"]
[SourceQuality "1"]

1. e4 c5 2. Nf3 e6 3. d4 cxd4 4. Nxd4 Nf6 5. Nc3 d6 6. g4 Nc6 7. g5 Nd7 8. h4 Nxd4 9. Qxd4 Ne5 10. Be2 Nc6 11. Qd3 Be7 12. Bf4 1/2-1/2

[Event "Montreal op"]
[Site "Montreal CAN"]
[Date "2025.09.03"]
[Round "1.2"]
[White "Nassar, Marc"]
[Black "Golubka, Petro"]
[Result "0-1"]
[WhiteElo "1946"]
[BlackElo "2369"]
[WhiteFideId "-1"]
[BlackFideId "-1"]
[PlyCount "52"]
[GameId "2219080448141453"]
[EventDate "2025.09.03"]
[EventType "swiss"]
[EventRounds "7"]
[EventCountry "CAN"]

1. e4 c6 2. d4 d5 3. Nc3 a6 4. Bd3 dxe4 5. Nxe4 Bf5 6. Nf3 e6 7. Qe2 Nd7 8. Bg5 Qa5+ 9. Bd2 Qc7 10. Nh4 Bxe4 11. Qxe4 Ngf6 12. Qe2 c5 13. c3 cxd4 14. cxd4 Qb6 15. Nf3 Bb4 16. O-O Bxd2 17. Qxd2 O-O 18. Rfe1 Rfd8 19. Rab1 h6 20. b4 Qd6 21. a4 b6 22. Qe2 Nd5 23. Qb2 Rdc8 24. Be4 N7f6 25. Bxd5 Nxd5 26. Rec1 Qxb4 0-1

[Event "Montreal op"]
[Site "Montreal CAN"]
[Date "2025.09.04"]
[Round "2.1"]
[White "Golubka, Petro"]
[Black "Saha, Ananda"]
[Result "1-0"]
[WhiteElo "2369"]
[BlackElo "2105"]
[WhiteFideId "-1"]
[BlackFideId "-1"]
[PlyCount "101"]
[GameId "2219480985646839"]
[EventDate "2025.09.03"]
[EventType "swiss"]
[EventRounds "7"]
[EventCountry "CAN"]

1. Nf3 d5 2. e3 Nf6 3. c4 e6 4. Nc3 Be7 5. b3 O-O 6. Bb2 c6 7. Qc2 Nbd7 8. d4 b6 9. Bd3 Bb7 10. O-O Rc8 11. Qe2 Re8 12. Rad1 Qc7 13. Ne5 Nxe5 14. dxe5 Nd7 15. f4 Nc5 16. Bc2 dxc4 17. bxc4 Rcd8 18. Rd4 Ba6 19. Rfd1 b5 20. cxb5 cxb5 21. Qf2 b4 22. Ne4 Nxe4 23. Bxe4 Bc5 24. Bxh7+ Kf8 25. Qh4 Bxd4 26. Bxd4 Qc3 27. Bxc3 Rxd1+ 28. Be1 Rc8 29. Kf2 Rc4 30. Be4 Rxe4 31. Qh8+ Ke7 32. Qb8 Rd7 33. Bxb4+ Rxb4 34. Qxb4+ Ke8 35. g4 Bd3 36. h4 a6 37. h5 Bb5 38. a4 Bc6 39. g5 Rb7 40. Qc3 Be4 41. Qd4 Bc6 42. e4 Rb1 43. f5 exf5 44. exf5 Rb3 45. f6 Rf3+ 46. Ke2 gxf6 47. gxf6 Rb3 48. h6 a5 49. h7 Rh3 50. Qg4 Rh2+ 51. Ke3 1-0

[Event "Montreal op"]
[Site "Montreal CAN"]
[Date "2025.09.05"]
[Round "3.2"]
[White "Adam, Rafael"]
[Black "Golubka, Petro"]
[Result "1/2-1/2"]
[WhiteElo "2160"]
[BlackElo "2369"]
[WhiteFideId "-1"]
[BlackFideId "-1"]
[PlyCount "77"]
[GameId "2219590103737154"]
[EventDate "2025.09.03"]
[EventType "swiss"]
[EventRounds "7"]
[EventCountry "CAN"]

1. c4 g6 2. Nf3 Bg7 3. g3 b6 4. Bg2 Bb7 5. d4 e6 6. Nc3 Nf6 7. Qc2 d5 8. Ne5 c6 9. O-O O-O 10. Rd1 Nfd7 11. Nxd7 Qxd7 12. e4 Na6 13. cxd5 exd5 14. exd5 cxd5 15. Bf4 Rac8 16. Qd2 Rfe8 17. Re1 Nc7 18. Be5 Bxe5 19. dxe5 Rcd8 20. Rad1 Qf5 21. f4 Kg7 22. Ne2 Ne6 23. Nd4 Nxd4 24. Qxd4 Rc8 25. Bf1 Kg8 26. Rc1 Rxc1 27. Rxc1 Rc8 28. Rc3 Rxc3 29. Qxc3 Qe4 30. Bg2 Qb1+ 31. Kf2 d4 32. Qd2 Bxg2 33. Kxg2 d3 34. Kf3 Qxa2 35. Qxd3 Qxb2 36. Qd8+ Kg7 37. Qf6+ Kg8 38. Qd8+ Kg7 39. Qf6+ 1/2-1/2

[Event "Montreal op"]
[Site "Montreal CAN"]
[Date "2025.09.06"]
[Round "4.3"]
[White "Golubka, Petro"]
[Black "Gavrilin, Roman"]
[Result "1-0"]
[WhiteElo "2369"]
[BlackElo "2148"]
[WhiteFideId "-1"]
[BlackFideId "-1"]
[PlyCount "85"]
[GameId "2221284413374026"]
[EventDate "2025.09.03"]
[EventType "swiss"]
[EventRounds "7"]
[EventCountry "CAN"]

1. Nf3 Nf6 2. c4 e6 3. g3 d5 4. Bg2 Be7 5. O-O O-O 6. d4 Nbd7 7. Qc2 c6 8. Bf4 b6 9. Rd1 Bb7 10. b3 Rc8 11. Nc3 Ba6 12. e4 dxc4 13. h4 b5 14. bxc4 bxc4 15. d5 cxd5 16. exd5 e5 17. Nxe5 Nxe5 18. Bxe5 Nd7 19. Bf4 Bf6 20. d6 Rb8 21. Rac1 Nc5 22. d7 Nd3 23. Bxb8 Qxb8 24. Rb1 Qd6 25. Ne4 Qxd7 26. Nc5 Qd6 27. Nxd3 cxd3 28. Qc6 Qa3 29. Bd5 Rc8 30. Qd7 Rd8 31. Qxf7+ Kh8 32. Bc4 Bxc4 33. Qxc4 d2 34. Kg2 h6 35. Rb5 Qd6 36. Rb3 Qd7 37. Re3 Qb7+ 38. f3 Qb2 39. Rd3 Rxd3 40. Qxd3 Bc3 41. Kf1 Ba5 42. Qd5 Qb4 43. Qa8+ 1-0

[Event "Montreal op"]
[Site "Montreal CAN"]
[Date "2025.09.06"]
[Round "5.1"]
[White "Golubka, Petro"]
[Black "Lai, Duc Minh"]
[Result "1/2-1/2"]
[WhiteElo "2369"]
[BlackElo "2121"]
[WhiteFideId "-1"]
[BlackFideId "-1"]
[PlyCount "55"]
[GameId "2220181514234365"]
[EventDate "2025.09.03"]
[EventType "swiss"]
[EventRounds "7"]
[EventCountry "CAN"]

1. Nf3 c5 2. c4 g6 3. g3 Bg7 4. Bg2 Nc6 5. Nc3 d6 6. d3 Bf5 7. Bd2 Qc8 8. h3 Nf6 9. a3 O-O 10. Rb1 a5 11. Kf1 Rb8 12. Kg1 Qd8 13. Kh2 Ne8 14. Re1 Nc7 15. a4 h6 16. b3 Be6 17. Rc1 b6 18. e4 Bc8 19. Be3 Ne6 20. Ne2 Ncd4 21. Nf4 Nxf3+ 22. Bxf3 Nd4 23. Bg2 e5 24. Nd5 Be6 25. Bxd4 cxd4 26. f4 Rc8 27. Qf3 Bxd5 28. exd5 1/2-1/2

[Event "Montreal op"]
[Site "Montreal CAN"]
[Date "2025.09.07"]
[Round "6.2"]
[White "Guillemette, Hugo"]
[Black "Golubka, Petro"]
[Result "1/2-1/2"]
[WhiteElo "2180"]
[BlackElo "2369"]
[WhiteFideId "-1"]
[BlackFideId "-1"]
[PlyCount "70"]
[GameId "2221633315177110"]
[EventDate "2025.09.03"]
[EventType "swiss"]
[EventRounds "7"]
[EventCountry "CAN"]

1. e4 e5 2. Nf3 Nf6 3. Nxe5 d6 4. Nf3 Nxe4 5. Nc3 Nf6 6. d4 c6 7. Bd3 Be7 8. O-O O-O 9. h3 Re8 10. Bf4 Nbd7 11. Re1 Nf8 12. Ne4 Nxe4 13. Bxe4 d5 14. Bd3 Be6 15. c3 f6 16. Qc2 Bf7 17. Re2 Bd6 18. Rxe8 Bxe8 19. Bxd6 Qxd6 20. Re1 Bf7 21. Qb3 b6 22. Qa4 a5 23. Qb3 Rb8 24. Nh2 Ne6 25. Ng4 Nf4 26. Bb1 Bg6 27. Bxg6 hxg6 28. Qc2 Qd7 29. Qd2 g5 30. Qe3 Kf7 31. Qf3 Rh8 32. Ne3 a4 33. Qg4 Qxg4 34. hxg4 g6 35. g3 Ne6 1/2-1/2

[Event "Montreal op"]
[Site "Montreal CAN"]
[Date "2025.09.07"]
[Round "7.4"]
[White "Golubka, Petro"]
[Black "Martinez Mulet, Dario Leonel"]
[Result "1/2-1/2"]
[WhiteElo "2369"]
[BlackElo "2173"]
[WhiteFideId "-1"]
[BlackFideId "-1"]
[PlyCount "99"]
[GameId "2220594750498949"]
[EventDate "2025.09.03"]
[EventType "swiss"]
[EventRounds "7"]
[EventCountry "CAN"]

1. Nf3 d5 2. e3 Nf6 3. c4 c6 4. Nc3 e6 5. d4 Nbd7 6. Qc2 b6 7. b3 Bb7 8. Bb2 Bd6 9. Be2 Qe7 10. O-O O-O 11. e4 dxe4 12. Nxe4 Nxe4 13. Qxe4 Nf6 14. Qh4 Ba3 15. Bc3 Bb4 16. Bb2 Ba3 17. Bc3 Bb4 18. Bxb4 Qxb4 19. Ne5 c5 20. Rfd1 cxd4 21. Qxd4 Qe7 22. Qd6 Qxd6 23. Rxd6 Rfd8 24. Rad1 Rxd6 25. Rxd6 Kf8 26. f4 Ke7 27. Rd4 Rc8 28. g4 Rc7 29. Bd3 h6 30. h4 Nd7 31. Nxd7 Rxd7 32. Rxd7+ Kxd7 33. Kf2 Kd6 34. b4 e5 35. Ke3 Bc8 36. Bf5 Bxf5 37. gxf5 exf4+ 38. Kxf4 g6 39. fxg6 fxg6 40. Ke4 g5 41. hxg5 hxg5 42. Kf5 g4 43. Kxg4 Ke5 44. Kf3 Kd4 45. c5 bxc5 46. bxc5 Kxc5 47. Ke2 Kb4 48. Kd3 Ka3 49. Kc2 Kxa2 50. Kc1 1/2-1/2

[Event "Toronto op"]
[Site "Toronto CAN"]
[Date "2025.08.30"]
[Round "1.6"]
[White "Barron, Michael"]
[Black "Golubka, Petro"]
[Result "0-1"]
[WhiteElo "2034"]
[BlackElo "2329"]
[WhiteFideId "-1"]
[BlackFideId "-1"]
[PlyCount "90"]
[GameId "2217351868132701"]
[EventDate "2025.08.30"]
[EventType "swiss"]
[EventRounds "6"]
[EventCountry "CAN"]
[SourceTitle "The Week in Chess 1608"]
[Source "Mark Crowther"]
[SourceDate "2025.09.01"]
[SourceVersion "2"]
[SourceVersionDate "2025.09.01"]
[SourceQuality "2"]

1. e4 e5 2. Nf3 Nf6 3. Nxe5 d6 4. Nf3 Nxe4 5. Nc3 Nxc3 6. dxc3 Nc6 7. Bd3 Be7 8. Qe2 Be6 9. Be3 Qd7 10. O-O-O Bf6 11. Bd4 Nxd4 12. Nxd4 Bxd4 13. cxd4 O-O-O 14. c4 Bf5 15. Rhe1 Bg6 16. h3 Rhe8 17. Qd2 d5 18. c5 Qa4 19. Bxg6 hxg6 20. b3 Qa3+ 21. Qb2 Qa6 22. Qd2 b6 23. cxb6 axb6 24. Kb2 Kb7 25. Rxe8 Rxe8 26. Re1 Rxe1 27. Qxe1 Qd3 28. Qe5 Qd2+ 29. Ka3 Qc1+ 30. Ka4 Qc6+ 31. Kb4 f6 32. Qe3 Qc2 33. a4 g5 34. g4 g6 35. f4 gxf4 36. Qxf4 Qb2 37. h4 g5 38. hxg5 fxg5 39. Qe3 Qa1 40. Qc3 Qd1 41. a5 Qxg4 42. axb6 cxb6 43. Qe3 Qe4 44. Qxg5 Qxd4+ 45. Ka3 Qa1+ 0-1

[Event "Toronto op"]
[Site "Toronto CAN"]
[Date "2025.08.30"]
[Round "2.5"]
[White "Golubka, Petro"]
[Black "Deepak, Laksshana"]
[Result "1-0"]
[WhiteElo "2329"]
[BlackElo "1990"]
[WhiteFideId "-1"]
[BlackFideId "-1"]
[PlyCount "79"]
[GameId "2217351868136808"]
[EventDate "2025.08.30"]
[EventType "swiss"]
[EventRounds "6"]
[EventCountry "CAN"]
[SourceTitle "The Week in Chess 1608"]
[Source "Mark Crowther"]
[SourceDate "2025.09.01"]
[SourceVersion "2"]
[SourceVersionDate "2025.09.01"]
[SourceQuality "2"]

1. Nf3 Nf6 2. c4 e6 3. g3 d5 4. Bg2 Be7 5. O-O O-O 6. d4 c6 7. Qc2 Nbd7 8. Rd1 b6 9. b3 Bb7 10. Nc3 Rc8 11. e4 Nxe4 12. Nxe4 dxe4 13. Qxe4 Ba8 14. Qc2 c5 15. dxc5 Rxc5 16. Be3 Rh5 17. g4 Bxf3 18. Bxf3 Rh4 19. Bc6 Qc7 20. Bxd7 Rd8 21. f3 Rxd7 22. Rxd7 Qxd7 23. Rd1 Qc7 24. Qg2 h5 25. Qg3 Qc6 26. g5 Bc5 27. Qxh4 Bxe3+ 28. Kg2 g6 29. Qe4 Qxe4 30. fxe4 Bxg5 31. Rd7 a5 32. Kf3 Bf6 33. Rd6 Be5 34. Rxb6 Bxh2 35. Rb5 Bc7 36. a4 Kf8 37. b4 axb4 38. a5 Bxa5 39. Rxa5 Ke7 40. e5 1-0

[Event "Toronto op"]
[Site "Toronto CAN"]
[Date "2025.08.31"]
[Round "3.1"]
[White "Noritsyn, Nikolay"]
[Black "Golubka, Petro"]
[Result "1/2-1/2"]
[WhiteElo "2462"]
[BlackElo "2329"]
[WhiteFideId "-1"]
[BlackFideId "-1"]
[PlyCount "108"]
[GameId "2217351868140912"]
[EventDate "2025.08.30"]
[EventType "swiss"]
[EventRounds "6"]
[EventCountry "CAN"]
[SourceTitle "The Week in Chess 1608"]
[Source "Mark Crowther"]
[SourceDate "2025.09.01"]
[SourceVersion "2"]
[SourceVersionDate "2025.09.01"]
[SourceQuality "2"]

1. e4 e6 2. d4 d5 3. Nc3 dxe4 4. Nxe4 Bd7 5. Nf3 Bc6 6. Bd3 Nd7 7. O-O Ngf6 8. Ng3 g6 9. b3 Bg7 10. Ba3 Bf8 11. Bb2 Bg7 12. Qe2 Bxf3 13. Qxf3 c6 14. Rfe1 O-O 15. c4 a5 16. Rad1 Re8 17. Bc1 Qc7 18. h4 h5 19. Bb1 Rac8 20. Bg5 e5 21. d5 cxd5 22. cxd5 Qd6 23. Bd3 Rc5 24. Be3 Rc3 25. Bb5 Rec8 26. Qe2 e4 27. Bc4 Ng4 28. Qd2 Rxe3 29. Rxe3 Bh6 30. Nf1 Nde5 31. Be2 Bxe3 32. Nxe3 Nf3+ 33. Bxf3 Qh2+ 34. Kf1 exf3 35. gxf3 Qh3+ 36. Ke2 Ne5 37. f4 Qf3+ 38. Kf1 Qh1+ 39. Ke2 Qf3+ 40. Kf1 Ng4 41. Nxg4 Qh3+ 42. Kg1 Qxg4+ 43. Kh2 Qxh4+ 44. Kg2 Qg4+ 45. Kh2 Re8 46. Qd4 Qh4+ 47. Kg2 Qg4+ 48. Kh2 Re2 49. Rd3 Re1 50. Rg3 Qh4+ 51. Rh3 Qg4 52. Rg3 Qh4+ 53. Rh3 Qg4 54. Rg3 Qh4+ 1/2-1/2

[Event "Toronto op"]
[Site "Toronto CAN"]
[Date "2025.08.31"]
[Round "4.3"]
[White "Golubka, Petro"]
[Black "Noritsyn, Sergey"]
[Result "1/2-1/2"]
[WhiteElo "2329"]
[BlackElo "2298"]
[WhiteFideId "-1"]
[BlackFideId "-1"]
[PlyCount "104"]
[GameId "2217351868149118"]
[EventDate "2025.08.30"]
[EventType "swiss"]
[EventRounds "6"]
[EventCountry "CAN"]
[SourceTitle "The Week in Chess 1608"]
[Source "Mark Crowther"]
[SourceDate "2025.09.01"]
[SourceVersion "2"]
[SourceVersionDate "2025.09.01"]
[SourceQuality "2"]

1. Nf3 Nf6 2. c4 e6 3. g3 d5 4. Bg2 Be7 5. O-O O-O 6. d4 c6 7. Qc2 b6 8. Rd1 Nbd7 9. b3 Bb7 10. Nc3 c5 11. cxd5 exd5 12. Bb2 Rc8 13. dxc5 bxc5 14. Nh4 Nb6 15. Nf5 Re8 16. a4 Bf8 17. Nb5 a6 18. Na3 Rc6 19. a5 Nbd7 20. Bxd5 Nxd5 21. Rxd5 Rce6 22. Rd2 Be4 23. Qd1 Bxf5 24. Rxd7 Qa8 25. Qd5 Qxd5 26. Rxd5 Rxe2 27. Rxf5 Rxb2 28. Rf3 Rb8 29. Rb1 Rxb1+ 30. Nxb1 Rb5 31. Nd2 Rxa5 32. Rd3 g6 33. Kg2 Be7 34. Rd7 Kf8 35. h4 h5 36. Rb7 Bf6 37. Ne4 Bd4 38. Ng5 Ra2 39. Rxf7+ Ke8 40. Rf4 Kd7 41. b4 Be3 42. Rf7+ Ke8 43. Rf6 Bxg5 44. hxg5 cxb4 45. Rxg6 b3 46. Rb6 b2 47. g6 Kf8 48. Kh3 b1=Q 49. Rxb1 Rxf2 50. Kh4 Rf5 51. g4 hxg4 52. Kxg4 Rb5 1/2-1/2

[Event "Toronto op"]
[Site "Toronto CAN"]
[Date "2025.09.01"]
[Round "5.3"]
[White "Razin, Vadim"]
[Black "Golubka, Petro"]
[Result "0-1"]
[WhiteElo "2396"]
[BlackElo "2329"]
[WhiteFideId "-1"]
[BlackFideId "-1"]
[PlyCount "74"]
[GameId "2219913248004480"]
[EventDate "2025.08.30"]
[EventType "swiss"]
[EventRounds "6"]
[EventCountry "CAN"]
[SourceTitle "The Week in Chess 1609"]
[Source "Mark Crowther"]
[SourceDate "2025.09.08"]
[SourceVersion "1"]
[SourceVersionDate "2025.09.08"]
[SourceQuality "2"]

1. c4 Nf6 2. g3 g6 3. Bg2 Bg7 4. Nc3 O-O 5. e4 d6 6. Nge2 e5 7. d3 c6 8. O-O a5 9. h3 Na6 10. Be3 Bd7 11. Qd2 b5 12. Bh6 b4 13. Nd1 Nh5 14. Bxg7 Nxg7 15. Kh2 f5 16. f4 fxe4 17. dxe4 Qe7 18. Ne3 Nc5 19. f5 gxf5 20. exf5 Nxf5 21. Nxf5 Rxf5 22. Rxf5 Bxf5 23. Bxc6 Rf8 24. Bg2 Bd3 25. Bd5+ Kg7 26. Qe3 Qf6 27. Kg1 Qg6 28. Re1 h5 29. h4 Rf6 30. Kg2 Qg4 31. b3 Bg6 32. Ng1 Nd3 33. Rf1 Nf4+ 34. Rxf4 exf4 35. Qe7+ Bf7 36. Bxf7 Rxf7 37. Qxd6 Qxg3+ 0-1

[Event "Toronto op"]
[Site "Toronto CAN"]
[Date "2025.09.01"]
[Round "6.2"]
[White "Golubka, Petro"]
[Black "Malakar, Saarthak"]
[Result "1/2-1/2"]
[WhiteElo "2329"]
[BlackElo "2083"]
[WhiteFideId "-1"]
[BlackFideId "-1"]
[PlyCount "35"]
[GameId "2219913248008584"]
[EventDate "2025.08.30"]
[EventType "swiss"]
[EventRounds "6"]
[EventCountry "CAN"]
[SourceTitle "The Week in Chess 1609"]
[Source "Mark Crowther"]
[SourceDate "2025.09.08"]
[SourceVersion "1"]
[SourceVersionDate "2025.09.08"]
[SourceQuality "2"]

1. Nf3 d5 2. d4 c6 3. g3 Nf6 4. Bg2 Bf5 5. Nbd2 e6 6. Nh4 Bg6 7. O-O Be7 8. Nxg6 hxg6 9. c4 Nbd7 10. Rb1 a5 11. e4 dxe4 12. Nxe4 Nxe4 13. Bxe4 O-O 14. Be3 Qc7 15. Qe2 Nf6 16. Bf3 e5 17. dxe5 Qxe5 18. Bf4 1/2-1/2